000 00743nam a2200241Ia 4500
003 OSt
005 20220927105219.0
006 a|||||r|||| 00| 0
007 ta
008 220926b |||||||| |||| 00| 0 eng d
024 _a188176
037 _cReference Collections
040 _aRTL
_cRTL
_beng
041 _2eng
_aeng
082 _a"X:958.1(X).N8, M9/SC"
100 _aAtkinson A. B.
_9371034
245 0 _aSocial securities in developed countries
_b Are there lessons for developing countries?
260 _aLondon
_bDERP
_c1989
300 _a"ii,45p"
_ccm.
700 _a Hills John
_9371035
942 _h"X:958.1(X).N8, M9/SC"
_cCC
999 _c691279
_d691279